Elimination par catégories - Hydrologie - Statistiques

Statistiques générales
  • Ce quiz a été pris 436 fois
  • Le résultat moyen est 15 sur 20
Statistiques - réponses
# Groupe % Correct
129 Cours d'eau de France métropolitaine de plus de 100 km de long...
100%
32 ... prenant source dans le Massif central
94%
70 Fleuve ayant un débit moyen supérieur à 2000 m³/s...
86%
47 ... ne s'écoulant pas en Amérique
85%
35 Mer au moins en partie au nord du tropique du Cancer...
85%
21 ... bordant au moins un pays d'Asie
82%
63 Lac d'une superficie de plus de 3000 km²...
81%
8 ... se jetant dans l'Atlantique (ou une mer connexe)
80%
14 ... et au moins un pays d'Europe
80%
51 ... d'eau douce
79%
13 ... partagé par au moins deux pays
77%
2 ... ayant une couleur dans son nom
76%
1 ... et liée à la mer Méditerranée Mer Noire
74%
6 ... au moins en partie dans l'hémisphère sud
73%
11 ... dont l'eau rejoint celle de la Loire
70%
5 ... dont au moins un département porte le nom
69%
2 ... donnant son nom à au moins un pays
62%
1 ... ne se trouvant pas en Afrique Lac Titicaca
58%
1 ... et traversant au moins une mégapole Congo
55%
1 ... et dont l'initiale se trouve dans la deuxième moitié de l'alphabet Vienne
39%
Aucun quiz correspondant
Distribution des résultats
% des personnes avec chaque résultat
Percentile par nombre de réponses
Votre historique - résultats
Vous n’avez pas pris ce quiz